000 00364nam a2200133Ia 4500
008 240624s9999 xx 000 0 und d
041 _aeng
082 _a650.13 ARN
100 _aARNESON STEVE
245 _aWHAT YOUR BOSS REALLY WANTS FROM YOU 15
260 _c2014
_aSan Francisco
_bBerrett-Koehler Publishers
300 _aviii, 107 p.; 23 cm.
365 _c
_b38
999 _c31641
_d31641